000 01252 a2200241 4500
001 45491
005 20260407155727.0
008 260407a2013 arg spa d
003 AR-UNSa-BCEJYS
040 _aAR-UNSa-BCEJYS
_bspa
_cAR-UNSa-BCEJYS
080 _a342.7-055.15
_xDerechos de los niños/as
245 1 0 _aEl derecho al registro universal y oportuno de niñas y niños
_pAvances y desafíos para la normativa legal y las estadísticas vitales
264 1 _aBuenos Aires :
_bUNICEF
_c2013
300 _a91 p.
_c30 cm.
505 _a1. Avances en la implementación de la Ley 26.413 en las provincias – 2. Características sociosanitarias de los nacimientos y defunciones de menores de un año ocurridos en los establecimientos y áreas seleccionados – 3. Movilidad geográfica de la población para la atención de la salud – 4. Pareo de fuentes de información realizado en los establecimientos y áreas seleccionados.
041 _aspa
942 _cBK
590 _aniveau_biblio:m niveau_hierar:0
100 1 _aFernández, María de las Mercedes
700 1 _aMarconi, Élida Hilda
700 1 _aGuevel, Carlos Gustavo
856 4 1 _uhttps://www.biblioeco.unsa.edu.ar/pmb/images/libros/L127124.jpg
_yImagen de portada
_qimage/jpeg
999 _c3944
_d3944